000 00288nam a22001217a 4500
008 170323b xxu||||| |||| 00| 0 eng d
041 _aeng
080 _22 ED
_a616.9
100 _a8
101 _aSHM
245 _aPRACTICAL GUIDE TO DSM IV DIAGNOSIS TREATMENT
_cCOLE.C.J
942 _2udc
_cBK
999 _c8429
_d8429